01251cam a2200301 a 4500001000800000005001700008008004100025010001700066020001500083040001800098043002100116050002100137110002900158245020300187260011900390300002900509500002000538504003000558610004200588650005700630650005700687650003800744650004400782700002200826700002100848700002000869710006000889327572320170203164031.0810727s1981 dcua bc f001 0 eng  a 81607836  a086528010X aDLCcDLCdDLC an-us---an-us-dc00aN6510b.C69 19812 aCorcoran Gallery of Art.10aOf time and place :bAmerican figurative art from the Corcoran Gallery /cessays by Edward J. Nygren and Peter C. Marzio ; catalog entries by Julie R. Myers, with the assistance of Edward J. Nygren. aWashington, D.C. :bSmithsonian Institution Traveling Exhibition Service, and the Corcoran Gallery of Art,cc1981. a196 p. :bill. ;c27 cm. aIncludes index. aBibliography: p. 192-193.20aCorcoran Gallery of ArtvExhibitions. 0aFigurative art, Americany19th centuryvExhibitions. 0aFigurative art, Americany20th centuryvExhibitions. 0aHuman beings in artvExhibitions. 0aArt genreszUnited StatesvExhibitions.1 aNygren, Edward J.1 aMarzio, Peter C.1 aMyers, Julie R.2 aSmithsonian Institution.bTraveling Exhibition Service.